Les récits d'Adrien Zograffi. *** [3], Les Haidoucs. * [1], Présentation des Haïdoucs /

Hlavní autor: Istrati, Panait, 1884-1935
Jazyk: Francouzština
Vydáno: Paris : F. Rieder et Cie, 1925
Vydání: 15e éd.
Edice: Prosateurs français contemporains
Fyzický popis: 221 s.
Knihy
Uloženo v:
LEADER 00871nam a22002652a 4500
001 001878773
003 CZ BrMZK
005 20231213124610.0
007 ta
008 231205s1925 fr er|||||||||||fre d
040 |a BOA001  |b cze  |e aacr2 
100 1 |a Istrati, Panait,  |d 1884-1935  |7 jn20000603155  |4 aut 
245 1 4 |a Les récits d'Adrien Zograffi.  |n *** [3],  |p Les Haidoucs.  |n * [1],  |p Présentation des Haïdoucs /  |c Panait Istrati 
246 3 0 |a Haidoucs 
246 3 0 |a Présentation des Haïdoucs 
250 |a 15e éd. 
260 |a Paris :  |b F. Rieder et Cie,  |c 1925 
300 |a 221 s. 
490 1 |a Prosateurs français contemporains 
830 0 |a Prosateurs français contemporains 
910 |a BOA001  |b 1-0202.536,3/1 
990 |a BK 
993 |a Y 
991 |b 202312 
996 6 |b BC-2435878  |c 1-0202.536,3/1  |l MZK  |r Sklad / do 1 hodiny  |n 0  |w 001946299  |u 000010  |a 1  |e BOA001  |j MZK50  |s P